000 00504nam a2200181Ia 4500
003 LK-CoDNM
008 010623t1984 xxu||||| |||| 00| 1 sin d
040 _aLK-CoDNM
_dLK-CoDNM
_eLK-CoDNM
041 _asin
080 _a8 C-2
_bDES
100 _aDe Silva, Jhon
245 _aශ්‍රී වික්‍ර‍ම රාජ්‍යසිංහ
246 _aSri Wickrama Rajasinghe
260 _bPeadeepa prakashakayo
_aColombo
_c1984
300 _b55, 21.5 cm
650 _aDrama
942 _cBK
999 _c112690
_d112690